Náš hlas patrí mieru Medzinárodný deň mládeže v znamení boja proti vojne

Bibliographic Details
Main Author: (dp) (Author)
Format: Article
Language:Slovak
Subjects:

MARC

LEADER 00000nab a2200000 a 4500
001 vtls000162925
003 SK-MaSNL
005 20260302202540.0
008 111104c1983 xo 0 slo
015 |a SNBRB19rr/mm-uuuuu 
035 |a CL0173036 
040 |a SNKBUCL  |b slo  |c SNKBUCL  |e AACR2 
041 0 |a slo 
044 |a xo  |c SK 
080 |a 329.78(437)SZM  |2 1981 
080 |a 327.37  |2 1981 
100 1 |a (dp)  |4 aut  |9 882232 
245 1 0 |a Náš hlas patrí mieru  |b Medzinárodný deň mládeže v znamení boja proti vojne  |c (dp) 
650 0 7 |a mier  |2 snkbucl  |9 1720 
650 0 7 |a boj za mier  |2 snkbucl  |9 308624 
650 0 7 |a mládež  |2 snkbucl  |9 1575 
651 7 |a 5304  |2 snkbucl  |9 277630 
655 7 |a články z novín a časopisov  |2 snkbucl  |9 267496 
773 0 |t Smena  |g Roč. 36, č. 267 (11. 11. 1983), s. 1 a 3 
850 |a Slovenská národná knižnica v Martine  |a MTA001 
852 |a SNK  |b KIS3GCP 
958 |a RK 
992 |a RBX 
999 |c 1465401  |d 1467331